| 000 | 00351nam a2200145Ia 4500 | ||
|---|---|---|---|
| 008 | 230917s9999||||xx |||||||||||||| ||und|| | ||
| 040 |
_e8514 _aMAIN |
||
| 041 | _aEnglish | ||
| 082 | _a327.112 B418B | ||
| 100 | _aBeloff, Max | ||
| 245 | 0 | _aBalance of power | |
| 260 |
_aLondon _bGeorge, Allen and Unwin _c1968 |
||
| 300 | _aviii, 73 p. | ||
| 942 | _cBK | ||
| 999 |
_c65726 _d65726 |
||